Selección y manejo de árboles semilleros en la jurisdicción de Corantioquia / (Registro nro. 2081)

Detalles MARC
000 -CABECERA
Campo de control 00775cam a2200217 a 4500
005 - FECHA Y HORA DE LA ULTIMA TRANSACCION
Campo de control 20151221073542.0
008 - ELEMENTOS DE LONGITUD FIJA—INFORMACION GENERAL
Campo de control 010907s2000 ck a r 00010 spa d
040 ## - FUENTE DE CATALOGACIÓN
Agencia catalogadora original la
Agencia transcriptora la
Agencia Modificadora CO-BoIAVH
041 0# - IDIOMA
Código de idioma para texto/pista de sonido o título separado Español
044 ## - PAÍS DE PUBLICACIÓN
País de publicación Colombia
090 ## - CLASIFICACIÓN LOCAL
Colección FG-
Consecutivo 0017
110 2# - ASIENTO PRINCIPAL--NOMBRE CORPORATIVO
Nombre corporativo o de jurisdicción como elemento de entrada Corporación Autónoma Regional del Centro de Antioquia.
9 (RLIN) 3943
245 10 - MENCION DE TITULO
Título Selección y manejo de árboles semilleros en la jurisdicción de Corantioquia /
Mención de responsabilidad Corantioquia.
260 ## - PUBLICACION, DISTRIBUCION, ETC. (PIE DE IMPRENTA)
Lugar de publicación, distribución, etc. Medellín :
Nombre del editor, distribuidor, etc. Corantioquia,
Fecha de publicación, distribución, etc. 2000.
300 ## - DESCRIPCION FISICA
Extensión 31 páginas :
Otros detalles físicos ilustraciones a color ;
Dimensiones 17 x 12 cm.
504 ## - NOTA DE BIBLIOGRAFIA, ETC.
Nota de bibliografía Incluye bibliografía.
650 #6 - ASIENTO SECUNDARIO DE MATERIA - TERMINO TEMATICO
Término temático o nombre geográfico como elemento de entrada Arboles
Subdivisión geográfica Antioquia (Colombia)
9 (RLIN) 45148
650 #6 - ASIENTO SECUNDARIO DE MATERIA - TERMINO TEMATICO
Término temático o nombre geográfico como elemento de entrada Arboricultura
Subdivisión geográfica Antioquia (Colombia)
9 (RLIN) 45149
650 #6 - ASIENTO SECUNDARIO DE MATERIA - TERMINO TEMATICO
Término temático o nombre geográfico como elemento de entrada Semillas de árboles.
9 (RLIN) 45150
942 ## - ELEMENTOS ADICIONALES (KOHA)
Sistema de clasificación Local
Tipo de ítem Folleto
Existencias
Withdrawn status Lost status Sistema de Clasificación Damaged status No para préstamo Colección Inventariado Ubicación Permanente Ubicación actual Fecha de adquisición Total Checkouts Número topográfico Inventario / Código de Barras Date last seen Ejemplar Price effective from Forma de adquisición Tipo de material
    Dewey Decimal Classification     General Inventariado 2017 Bogotá Bogotá 30/01/2001   FG-0017 002580 04/12/2012 Ej. 1 04/12/2012   Folleto
    Local     General Inventariado 2017 Bogotá Bogotá 30/01/2001   FG-0017 002581 04/12/2012 Ej. 2 04/12/2012   Folleto